| 000 | 00955cam a2200277 4500 | ||
|---|---|---|---|
| 001 | B2266 | ||
| 008 | 090401t1988 xxu||||| |||| 00| 0 eng d | ||
| 035 | _a(Sirsi) u49023 | ||
| 041 | _aeng | ||
| 050 | _aRICS 1988/59 A | ||
| 090 | _aRICS 1988/59 A | ||
| 110 |
_aRoyal Institution of Chartered Surveyors _bPlanning and Development Division _9956 |
||
| 245 | 4 | _aThe members` conference 13-15 October 1988. Metropole Hotel, National Exhibition Centre, Birmingham | |
| 260 | _c1988: | ||
| 300 | _a4 papers ; 30cm. | ||
| 350 | _a0 | ||
| 520 | _aPapers by Francis, H.W.A., Goddard, J.B., Smith, N.F. Fourth item consists of notes and maps to accompany a tour of the Birmingham Heartlands area (no author). | ||
| 650 | _aANNUAL CONFERENCE 1988 | ||
| 650 | _aBIRMINGHAM HEARTLANDS | ||
| 650 | _aBLACK COUNTRY | ||
| 650 | _aINNER CITIES | ||
| 650 | _aINNER CITY REDEVELOPMENT | ||
| 650 | _aPROPERTY MARKET | ||
| 942 | _n0 | ||
| 948 | _c04/03/1997 | ||
| 999 |
_c92469 _d92469 |
||